01713cam a2200397 a 4500952017400000999001700174001000900191003000400200005001700204008004100221010001700262020002500279020001500304025002700319037006300346040001900409042001500428043001200443050002300455082002600478100002400504245005600528260006100584300002600645490005600671504005400727650004800781651003400829651003400863700002600897856010600923856009101029856009201120906004501212942005801257 00102ddc40708SOCIAL SCIENCEaMESbMEScSOCIAL SCIENCEd2019-02-20g795.00l1m1o305.5509540903 JOS/Mp35736r2025-10-03 15:00:18s2025-09-12w2019-02-20yBKzGL41R2 c21482d2148216244901OSt20200616110828.0100521s2010 ii b 000 0 eng  a 2010318284 a9780198063827 (hbk.) a0198063822 aI-E-2010-318284; 61-92 bLibrary of Congress -- New Delhi Overseas OfficecRs795.00 aDLCcoclcdDLC alcodeapcc aa-ii---00aHT690.I4bM44 2010 a305.5509540903bJOS/M 92957aJoshi, Sanjay04aThe middle class in colonial India /cSanjay Joshi. aNew Delhi ;aNew York :bOxford University Press,c2010. alvi, 326 p. ;c23 cm.0 aOxford in India readings : Themes in Indian history aIncludes bibliographical references (p. 314-324). 0aMiddle classzIndiaxHistoryy20th century. 0aIndiaxHistoryy19th century. 0aIndiaxHistoryy20th century.1 aJoshi, Sanjay,d1962-423Contributor biographical informationuhttp://www.loc.gov/catdir/enhancements/fy1010/2010318284-b.html423Publisher descriptionuhttp://www.loc.gov/catdir/enhancements/fy1010/2010318284-d.html413Table of contents onlyuhttp://www.loc.gov/catdir/enhancements/fy1010/2010318284-t.html a7bcbccorigoded3encipf20gy-gencatlg 2ddccBKh305.5509540903iJOS/Mk305.5509540903mJOS/M